Una mancha de tinta. Novela premiada por la Academia Francesa. Ilustración de André Brouillet

Guardat en:
Dades bibliogràfiques
Autor principal: Bazin, René François Nicolas Marie (Autor)
Format: Llibre
Idioma:espanyol
Publicat: Barcelona Montaner y Simón 1903
Edició:1a. ed
Matèries:
Etiquetes: Afegir etiqueta
Sense etiquetes, Sigues el primer a etiquetar aquest registre!

MARC

LEADER 00000nam a2200000 a 4500
001 UCJ6741
003 CL-VaPUC
008 070124e19030000SP |||||||||||||||||spa|d
082 0 4 |a 843  |b BAZ  |2 21 
100 0 |a Bazin, René François Nicolas Marie  |e author  |9 513994 
245 1 4 |a Una mancha de tinta. Novela premiada por la Academia Francesa. Ilustración de André Brouillet 
250 |a 1a. ed 
300 |a 333 p 
942 |c BK 
945 |d 20070124 00:00:00  |a rinostro 
260 |a Barcelona  |b Montaner y Simón  |c 1903 
500 |a Ilustraciones conforme a lo señalado en índice 
600 0 7 |a BROUILLET, ANDRE  |2 CL-VaPUC  |9 513995 
650 7 |a NOVELA FRANCESA  |2 CL-VaPUC  |9 513996 
650 0 |a Ilustraciones  |9 369481 
650 7 |a MARCA TIPOGRAFICA  |2 CL-VaPUC  |9 506100 
583 |a last modification  |c 20190730 03:14:59  |k Rodrigo Vera 
999 |c 322843  |d 322841 
952 |0 0  |1 0  |4 0  |6 843_000000000000000_BAZ_1903  |7 0  |8 X  |9 401966  |a FDOBUD  |b FDOBUD  |d 2019-11-22  |i 1052306  |o 843 BAZ 1903  |p 1052306  |r 2019-11-22  |w 2019-11-22  |y BK_X  |k BUD